000
00248nam a2200097Ia 4500
001
784432
005
20250826170241.0
008
250824s9999 xx 000 0 und d
245
0
_a
YARALI SERÇE
_c
HASAN NAİL CANAT
260
_b
GENÇ TİMAŞ YAYINLARI
999
_c
784432
_d
784432